000 00614nam a2200229Ia 4500
003 OSt
005 20220925170128.0
006 a|||||r|||| 00| 0
007 ta
008 220923b |||||||| |||| 00| 0 eng d
037 _cGeneral Book
040 _aRTL
_cRTL
_beng
041 _2eng
_aeng
082 _aX62.51.N99r, N9/GD
110 _aBank of Greece.
_9235837
245 0 _aAnnual report 1999.
260 _aAthens
_bBank of Greece
_c2000
300 _a245p.
_ccm.
700 _aBank of Greece.
_9235838
942 _hX62.51.N99r, N9/GD
_cGB
_2CC
999 _c479305
_d479305